书目信息 |
| 题名: |
高等内燃机学
|
|
| 作者: | 张卫正 , 葛蕴珊 , 魏春源 编著 | |
| 分册: | ||
| 出版信息: | 北京 北京理工大学出版社 2001.09 |
|
| 页数: | 398页 | |
| 开本: | 26cm | |
| 丛书名: | ||
| 单 册: | ||
| 中图分类: | TK4 | |
| 科图分类: | ||
| 主题词: | 内燃机--nei ran ji--高等学校--教材 | |
| 电子资源: | ||
| ISBN: | 7-81045-840-X | |
| 000 | 01004nam0 2200265 450 | |
| 001 | 012006281291 | |
| 005 | 20070612153506.01 | |
| 010 | @a7-81045-840-X@dCNY30.00 | |
| 100 | @a20061215d2001 km y0chiy0120 ea | |
| 101 | 0 | @achi |
| 102 | @aCN@b110000 | |
| 105 | @aa a 000yy | |
| 200 | 1 | @a高等内燃机学@Agao deng nei ran ji xue@f魏春源, 张卫正, 葛蕴珊编著@Fwei chun yuan,zhang wei zheng,ge yun shan bian zhu |
| 210 | @a北京@c北京理工大学出版社@d2001.09 | |
| 215 | @a398页@c图@d26cm | |
| 314 | @a魏春源(1937~),江苏无锡人,任教于北京理工大学,著有《车用内燃机构造》、《高等内燃机学》等。 | |
| 320 | @a有书目 (第398页)。 | |
| 330 | @a本书阐述了内燃机及相关学科的基础知识、物理概念、技术特征及内在规律,反映了国内外内燃机产品开发中的一些技术重点与难点。 | |
| 606 | 0 | @a内燃机@Anei ran ji@x高等学校@j教材 |
| 690 | @aTK4@v4 | |
| 701 | 0 | @a张卫正@Azhang wei zheng@4编著 |
| 701 | 0 | @a葛蕴珊@Age yun shan@4编著 |
| 701 | 0 | @a魏春源@Awei chun yuan@4编著 |
| 801 | 0 | @aCN@c20070612 |
| 905 | @dTK4@eW579 | |
| 高等内燃机学/魏春源, 张卫正, 葛蕴珊编著.-北京:北京理工大学出版社,2001.09 |
| 398页:图;26cm |
| ISBN 7-81045-840-X:CNY30.00 |
| 本书阐述了内燃机及相关学科的基础知识、物理概念、技术特征及内在规律,反映了国内外内燃机产品开发中的一些技术重点与难点。 |
| ● |
| 相关链接 |
|
|
|
正题名:高等内燃机学
索取号:TK4/W579
 
预约/预借
| 序号 | 登录号 | 条形码 | 馆藏地/架位号 | 状态 | 备注 |
| 1 | 231926 | 202319268 | 期刊室512/501自科库 136排6列3层/ [索取号:TK4/W579] | 在馆 | |
| 2 | 231927 | 202319277 | 自科二线504/504自科库 39排2列6层/ [索取号:TK4/W579] | 在馆 | |
| 3 | 231928 | 202319286 | 自科库501/501自科库 136排6列3层/ [索取号:TK4/W579] | 在馆 |